Nîmes de A à Z - Statistiques

Statistiques générales
  • Ce quiz a été pris 394 fois
  • Le résultat moyen est 13 sur 22
Statistiques - réponses
Lettre Question Réponse % Correct
G Département dont Nîmes est la préfecture Gard
92%
A Amphitéâtre situé à Nîmes Arènes
86%
B Spécialité locale faite avec de lamorue Brandade
84%
O Région dans laquelle Nîmes sesitue Occitanie
83%
I Pays originaire des romains Italie
81%
M Célèbre temple romain à Nîmes Maison Carré
74%
U Ville touristique au nord de Nîmes Uzès
74%
R Peuple qui éleva la ville Romains
65%
Z Ce que sont Pissevin ou le Chemin Bas d'Avignon ZUP
65%
L Région historique où Nîmes se situe Languedoc
61%
P Quartier populaire à l'ouest Pissevin
60%
N Nom romain de Nîmes Nemausus
57%
H La Tour de l'.... Horloge
54%
D Ecrivain né dans la ville Daudet
53%
J Epace vert du centre arrosé pardes canaux Jardins de la Fontaine
52%
S Cinéma d'art et d'essai du centre Sémaphore
48%
F Nom de la gare Feuchères
46%
T Dernier vestige du rempart de Nîmes Tour Magne
45%
E Bois au nord de Nîmes Espeisses
39%
V Ville italienne jumelée avec Nîmes,célèbre pour son balcon Vérone
33%
K Quartier populaire au dessus de Valdegour Kennedy
24%
C Où arrivait l'eau de l'aqueduc Castellum
13%
Aucun quiz correspondant
Distribution des résultats
% des personnes avec chaque résultat
Percentile par nombre de réponses
Votre historique - résultats
Vous n’avez pas pris ce quiz